| 000 | 00000nam 2200000zi 4500 |
| 001 | 9.890364 |
| 003 | CaOODSP |
| 005 | 20221107172557 |
| 006 | m o d f |
| 007 | cr cn||||||||| |
| 008 | 200812s2020 onca ob f000 0 fre d |
| 020 | |a9780660357843 |
| 020 | |z9780660357836|q(incorrect) |
| 040 | |aCaOODSP|bfre|erda|cCaOODSP |
| 043 | |an-cn--- |
| 086 | 1 |aHP35-139/2020F-PDF|zHP35-139/2020E-PDF |
| 245 | 00|aDéterminants sociaux et iniquités en santé des Canadiens noirs : |bun aperçu. |
| 264 | 1|a[Ottawa] : |b[Agence de santé publique du Canada], |c[2020] |
| 300 | |a1 ressource en ligne (11 pages) : |billustrations en couleur |
| 336 | |atexte|btxt|2rdacontent/fre |
| 337 | |ainformatique|bc|2rdamedia/fre |
| 338 | |aressource en ligne|bcr|2rdacarrier/fre |
| 500 | |aPublié aussi en anglais sous le titre : Social determinants and inequities in health for Black Canadians: a snapshot. |
| 500 | |a« PUB No.: 200157. » |
| 500 | |aPublié aussi en format HTML. |
| 504 | |aComprend des références bibliographiques (pages 9-11). |
| 520 | |a« Le présent aperçu vise à mettre en évidence la façon dont le racisme et la discrimination systémique contre les Noirs constituent les principaux facteurs des inégalités en santé auxquelles font face les diverses communautés noires du Canada. Des preuves de discrimination institutionnelle concernant les principaux déterminants de la santé sont aussi présentées, comme l'éducation, le revenu et le logement. Enfin, des données nationales qui démontrent des inégalités dans les résultats en matière de santé et dans les déterminants de la santé sont partagées. Les lecteurs sont invités à réfléchir à la façon dont le racisme et la discrimination peuvent contribuer à ces inégalités » -- Page 1. |
| 650 | 6|aNoirs|xSanté et hygiène|zCanada. |
| 650 | 6|aSanté et race|zCanada. |
| 650 | 6|aRacisme|xAspect sanitaire|zCanada. |
| 651 | 6|aCanada|xRelations raciales. |
| 710 | 2 |aAgence de santé publique du Canada, |eorganisme de publication. |
| 775 | 08|tSocial determinants and inequities in health for Black Canadians : |w(CaOODSP)9.890363 |
| 856 | 40|qPDF|s3.40 Mo|uhttps://publications.gc.ca/collections/collection_2021/aspc-phac/HP35-139-2020-fra.pdf |
| 856 | 4 |qHTML|sS.O.|uhttps://www.canada.ca/fr/sante-publique/services/promotion-sante/sante-population/est-determine-sante/determinants-sociaux-iniquites-canadiens-noirs-apercu.html |